01334nam a2200277 a 450000100100000000500170001000800410002702000180006804000250008608200190011110000420013024500990017226000530027130000280032450000630035259000670041559000280048265000280051065000310053870000520056991000370062195201320065895201170079095201320090799900170103900004444520240412074303.0140701s2013 dr a 000 p spa d a9789945416503 aDO-SdBNPbspacBNPHU aRD861.5bM425m1 aMateo Ciprian, Juan A.,d1976-97245610aMi poemario de vida y amor /cJuan A. Mateo Ciprian ; prólogo Marcos Jesús Colón Arache. aSanto Domingo, :bSomos Artes Gráficas,c2013. a198 p. :bil. ;c23 cm. aIncluye datos biográficos del autor en la contracubierta aLa biblioteca posee tres ejemplares autografiados por el autor aInventariado, 2019 / DG 0aPoesía dominicana966 0aLiteratura dominicana.96712aColón Arache, Marcos Jesús,epról.972457 aValidado. Control de calidad MFF 001054708DSaGRbGRcHDd2014-07-01iLF1l0oRD861.5 M425mp44445-30r2020-06-25te. 3w2020-06-25yLFDSZPréstamo en sala 0010718PDaPDbPDcHDd2014-07-01iLF1l0oRD861.5 M425mp44445-10r2020-06-25w2020-06-25yLFPDZNo se presta 001054728PDaPDbPDcHDd2014-07-01iLF1l0oRD861.5 M425mp44445-20r2020-06-25te. 2w2020-06-25yLFPDZPréstamo en sala c43934d43934